000 00520nam a2200205 a 4500
999 _c1714
_d1714
001 1714
003 BD-JhCC
005 20171023184429.0
008 171023s2005 bg |||| |||| 000 0 eng d
035 _a(BD-JhCC)1714
040 _aBD-JhCC
_dBD-JhCC
041 _aeng
082 _a891.4409
_bRAB 2005
100 _aRabbani, Golam
245 _aG R Studies on Wordsworth /
_cGolam Rabbani
260 _aDhaka :
_bHassan Book Depot
_c2005
300 _a396 p. ;
_c22 cm
650 _aEnglish Literature
942 _2ddc
_cBK